000 00915nam a22001937a 4500
003 OSt
005 20260506003607.0
008 260506b |||||||| |||| 00| 0 eng d
040 _aDWCL GS lib
_cOC
082 _aFic. K26m 1976
100 _aKeene, Carolyn
245 _anancy drew mystery stories 17:
_bmystery of the brass-bound trunk
_cCarolyn Keene
260 _aNew York
_bGrosset & Dunlap
_cc1940
300 _a180
_billustrations
_c19cm
520 _aIn The Mystery of the Brass-Bound Trunk (1940), Nancy Drew, Bess, and George travel to South America (or Europe/NYC depending on the version). Nancy is targeted by criminals after a mysterious trunk with matching "N.D." initials is wrongly delivered to her cabin, leading her to uncover an international smuggling ring.
546 _aEnglish
700 _aCarolyn Keene
942 _2ddc
_cFIC.
_hFic. K26m 1976
_n0
999 _c10268
_d10268